Statistics for Orlando Magic Trivia

Click here to take the quiz!

General Stats

  • This quiz has been taken 1,206 times
    (216 since last reset)
  • The average score is 8 of 12

Answer Stats

HintAnswer% Correct
#1 overall draft pick in 1992Shaquille O'Neal
99%
#1 overall pick in 2022Paolo Banchero
88%
Last name of German brothers Mo and FranzWagner
87%
#1 overall draft pick in 2004Dwight Howard
82%
Player who jumped over that mascot in the 2016 Dunk Contest, but still placed
second to Zach LaVine
Aaron Gordon
79%
Forward who led the NBA in scoring two consecutive seasons in the early 2000sTracy McGrady
77%
Former coach known by the initials SVGStan Van Gundy
75%
#1 overall pick in 1993 who was immediately traded to the WarriorsChris Webber
62%
Penny Hardaway's real first nameAnfernee
61%
Former Pistons all-star who spent six injury-plagued years with the Magic
after signing in 2000
Grant Hill
61%
Point guard who set a record with 30 assists in a single game in 1990Scott Skiles
51%
The name of the Magic mascot{Stuff} the Magic
Dragon
26%

Score Distribution

Percentile by Number Answered

Percent of People with Each Score

Your Score History

You have not taken this quiz since the last reset